Vývoj počtu a prírastkov obyvateľstva na území Českej republiky a Slovenskej republiky v období 1918-2017

Hodnotenie a porovnanie vývoja počtu a prírastkov obyvateľstva na území Českej republiky a Slovenskej republiky za posledných 100 rokov, teda od vzniku 1. Československej republiky po súčasnosť.

Enregistré dans:
Détails bibliographiques
Auteur principal: Bleha, Branislav
Autres auteurs: Hájek, Pavel, Vaňo, Boris
Format: Chapitre de livre
Langue:slovaque
Sujets:
Tags: Ajouter un tag
Pas de tags, Soyez le premier à ajouter un tag!

MARC

LEADER 00000naa a2200000 4500
001 0246502
005 20220728114714.6
041 0 |a slo 
044 |a SK 
245 1 0 |a Vývoj počtu a prírastkov obyvateľstva na území Českej republiky a Slovenskej republiky v období 1918-2017  |c Branislav Bleha, Pavel Hájek, Boris Vaňo 
520 |a Hodnotenie a porovnanie vývoja počtu a prírastkov obyvateľstva na území Českej republiky a Slovenskej republiky za posledných 100 rokov, teda od vzniku 1. Československej republiky po súčasnosť. 
610 2 0 |a vývoj populačný 
610 2 0 |a štatistika demografická 
610 2 0 |a Slovensko 
610 2 0 |a Česko 
610 2 0 |a porovnanie medzinárodné 
610 2 0 |a história 
100 1 |a Bleha, Branislav 
700 1 |a Hájek, Pavel 
700 1 |a Vaňo, Boris